00353 a2200145 4500003000400000005001700004008004100021020001500062020001800077040000900095082001700104245003300121260004400154300000900198OSt20231207141858.0231207b |||||||| |||| 00| 0 eng d a8189645463 a9788189920043 coclc a947.7bSYE/W aWorld infopaedia : Ukraine / aNew Delhi:bPragun publications,c2007. a346p